000 00553nam a2200193Ia 4500
005 20250508162044.0
008 008 250505s9999 xx 000 0 eng d
037 _aTextual
040 _aFEDL
_beng
_cFEDL
041 _aeng
_2eng
084 _a370.733, SIN
_qFEDL
100 _aLal Pratap Singh
_9772173
245 0 _aInternational analysis and micro - teaching
260 _aAllahabad, India
_bAmitabh Prakashan
_c1980
300 _axiii,156p
650 _aEducation
942 _cTEXL
_h370.733, SIN
999 _c1374096
_d1374096